| 000 | 00436nam a2200157Ia 4500 | ||
|---|---|---|---|
| 005 | 20250508162511.0 | ||
| 008 | 008 250505s9999 xx 000 0 eng d | ||
| 037 | _aTextual | ||
| 040 |
_aFEDL _beng _cFEDL |
||
| 041 |
_aeng _2eng |
||
| 084 |
_a574, FAN _qFEDL |
||
| 245 | 0 | _aNew secondary lab manual: Biology | |
| 260 |
_aNew Delhi, India _bOrient Longman _c1979 |
||
| 942 |
_cTEXL _h574, FAN |
||
| 999 |
_c1376933 _d1376933 |
||